000 00613nam a22002057a 4500
999 _c7319
_d7319
003 OSt
005 20211004105209.0
008 211004b ||||| |||| 00| 0 eng d
020 _a0792366840
040 _cDDC
082 _a634.9WOR 2002
100 _aPalo,Matti; Vanhanen,Heidi;
_915004
245 _aWorld forests from deforestation to transition?
_cEdited by Palo,Matti; Vanhanen,Heidi;
250 _aVOL.II
260 _aUSA.
_bKluwer Academic Publishers.
_c2002.
300 _axi,216p;
_bill;
_c25cm.
504 _aIncludes; references and index.
650 _aBiodiversity.
_91737
942 _2ddc
_cO_SHELF